2nd Book in the Series Quiz Stats

 Plays Quiz not verified by Sporcle

Challenge
Share
Tweet
Embed
Score 0/32 Timer 10:00
0 Plays Today
Book #1 Book #2 % Correct
WickedSon of a Witch
55.6%
No. 1 Ladies' Detective AgencyTears of the Giraffe
44.4%
The ShunningThe Confession
44.4%
One for the MoneyTwo for the Dough
33.3%
Dog on ItThereby Hangs a Tail
33.3%
The Cat Who Could Read BackwardsThe Cat Who Ate Danish Modern
33.3%
The White QueenThe Red Queen
33.3%
The Tale of Hill Top FarmThe Tale of Holy Cow
33.3%
Dark LoverLover Eternal
33.3%
The Lightkeeper's DaughterThe Lightkeeper's Bride
33.3%
The Storekeeper's DaughterThe Quilter's Daughter
33.3%
The NegotiatorThe Guardian
33.3%
OutlanderDragonfly in Amber
33.3%
Love in the Time of DragonsThe Unbearable Lightness of Dragons
33.3%
Head GamesToros and Torsos
33.3%
Chocolate Chip Cookie MurderStrawberry Shortcake Murder
33.3%
Book #1 Book #2 % Correct
A Lady of High RegardA Lady of Hidden Intent
33.3%
Once Upon a SummerThe Winds of Autumn
33.3%
The Cater Street HangmanCallander Square
33.3%
Dark of the MoonHeat Lightning
22.2%
Wish You Were HereRest in Pieces
22.2%
New York DeadDirt
22.2%
Catering to NobodyDying for Chocolate
22.2%
Track of the CatA Superior Death
22.2%
The Quilter's ApprenticeRound Robin
22.2%
The Crocodile on the SandbankThe Curse of the Pharoahs
22.2%
DissolutionDark Fire
22.2%
Cold PursuitCold River
22.2%
Dead Until DarkLiving Dead in Dallas
22.2%
Undead and UnwedUndead and Unemployed
22.2%
By Order of the PresidentThe Hostage
22.2%
Open SeasonSavage Run
22.2%

You're not logged in!

Compare scores with friends on all Sporcle quizzes.
OR
Log In

You Might Also Like...

Show Comments

Extras

Created Sep 15, 2011ReportNominate
Tags:Book Quiz, series

Top Quizzes Today


Score Distribution

Your Account Isn't Verified!

In order to create a playlist on Sporcle, you need to verify the email address you used during registration. Go to your Sporcle Settings to finish the process.

Report this User

Report this user for behavior that violates our Community Guidelines.

Details: